[Event "ch-AUS 2024"]
[Site "Adelaide AUS"]
[Date "2024.01.02"]
[Round "1.1"]
[White "Rodgers, Jack"]
[Black "Sardana, Rishi"]
[Result "0-1"]
[WhiteTitle "FM"]
[BlackTitle "IM"]
[WhiteElo "2059"]
[BlackElo "2470"]
[WhiteFideId "3220885"]
[BlackFideId "25004301"]
[EventDate "2024.01.02"]
[EventType "swiss"]

1. d4 e6 2. c4 d5 3. Nc3 Nf6 4. cxd5 exd5 5. Bg5 c6 6. e3 Be7 7. Bd3 Nbd7 8. Qc2
Nh5 9. Bxe7 Qxe7 10. Nge2 Nb6 11. h3 g6 12. O-O-O Ng7 13. g4 Bd7 14. Nf4 Ne6 15.
Nxe6 Bxe6 16. Kb1 h5 17. Na4 Nxa4 18. Qxa4 Qf6 19. Qb4 O-O-O 20. gxh5 Rxh5 21.
Rc1 Bxh3 22. Ka1 Bf5 23. Bxf5+ Qxf5 24. Rhf1 Rh2 25. Qd2 g5 26. b4 a6 27. a4 Kd7
28. b5 axb5 29. axb5 Ra8+ 30. Kb2 g4 31. Rc2 g3 32. bxc6+ bxc6 33. Qb4 Ra2+ 34.
Kxa2 Qxc2+ 35. Ka1 Rh8 36. Qb7+ Ke6 37. Rb1 gxf2 38. e4 Qc3+ 39. Ka2 Qc4+ 40.
Ka3 Rh3+ 41. Kb2 Qc3+ 42. Ka2 Qa3# 0-1

[Event "ch-AUS 2024"]
[Site "Adelaide AUS"]
[Date "2024.01.02"]
[Round "1.2"]
[White "Tao, Trevor"]
[Black "Soo, Kai Jie"]
[Result "1-0"]
[WhiteTitle "IM"]
[BlackTitle "FM"]
[WhiteElo "2364"]
[BlackElo "2058"]
[WhiteFideId "3201961"]
[BlackFideId "5803454"]
[EventDate "2024.01.02"]
[EventType "swiss"]

1. d4 Nf6 2. Bf4 d5 3. e3 c5 4. dxc5 Nc6 5. Bb5 Qa5+ 6. Nc3 a6 7. Bxc6+ bxc6 8.
Qd4 Nh5 9. b4 Qa3 10. Bc7 a5 11. Bxa5 Rxa5 12. bxa5 e6 13. Nge2 Bxc5 14. Qa4
Qxa4 15. Nxa4 Bb4+ 16. c3 Bxa5 17. Nd4 Kd7 18. O-O Kd6 19. Nb3 Bc7 20. Nbc5 Nf6
21. Rab1 e5 22. Rb2 Bf5 23. Nb7+ Ke7 24. Nac5 Ra8 25. a4 e4 26. h3 Bc8 27. Ra1
Be5 28. Rb3 Ne8 29. a5 Nd6 30. a6 Nb5 31. Rc1 f5 32. c4 dxc4 33. Rxc4 Bxb7 34.
Nxb7 Rxa6 35. g4 g6 36. Kg2 Rb6 37. Na5 Kd6 38. Ra4 Kd5 39. Nc4 Rb7 40. Nxe5
Kxe5 41. Rb2 Rc7 42. Rc4 Kd5 43. Rc1 Nd6 44. Rd2+ Ke6 45. Rdc2 Kd5 46. Rc5+ Ke6
47. Rxc6 Rd7 48. Rc7 fxg4 49. hxg4 h6 50. Rxd7 Kxd7 51. Ra1 Ke6 52. Ra6 g5 53.
Kf1 Ke5 54. Ke2 Kd5 55. Kd2 Nf7 56. Kc3 Ne5 57. Ra5+ Ke6 58. Rxe5+ 1-0

[Event "ch-AUS 2024"]
[Site "Adelaide AUS"]
[Date "2024.01.02"]
[Round "1.3"]
[White "Lee, Aaron James"]
[Black "Lane, Gary W"]
[Result "1-0"]
[BlackTitle "IM"]
[WhiteElo "2051"]
[BlackElo "2342"]
[WhiteFideId "3232409"]
[BlackFideId "3203301"]
[EventDate "2024.01.02"]
[EventType "swiss"]

1. e4 e5 2. Nf3 Nc6 3. Bb5 a6 4. Ba4 Nge7 5. O-O g6 6. c3 Bg7 7. d4 exd4 8. cxd4
b5 9. Bb3 O-O 10. d5 Na5 11. Nc3 Nxb3 12. Qxb3 d6 13. Be3 Rb8 14. Bd4 f6 15. h3
Bd7 16. Rfe1 Kh8 17. Ne2 c5 18. dxc6 Nxc6 19. Rad1 Qe7 20. Nf4 Ne5 21. Nd5 Qf7
22. Nxe5 dxe5 23. Bc5 Rfc8 24. Qe3 Be6 25. a3 f5 26. b4 f4 27. Qf3 g5 28. g4 h5
29. Kg2 Kh7 30. Qe2 Rd8 31. f3 Rd7 32. Rd3 Rxd5 33. exd5 Bxd5 34. Red1 Bc6 35.
Rd6 Rc8 36. Kf2 e4 37. fxe4 Be5 38. Rd8 Rxd8 39. Rxd8 Qb3 40. Rd3 Qc4 41. Kf3
hxg4+ 42. hxg4 Kg7 43. Rd2 Qc3+ 44. Qd3 Qc1 45. Rd1 Qb2 46. Bd4 1-0

[Event "ch-AUS 2024"]
[Site "Adelaide AUS"]
[Date "2024.01.02"]
[Round "1.4"]
[White "Ryjanova, Julia"]
[Black "Dragicevic, Domagoj"]
[Result "1/2-1/2"]
[WhiteTitle "WGM"]
[BlackTitle "FM"]
[WhiteElo "2285"]
[BlackElo "2040"]
[WhiteFideId "4127714"]
[BlackFideId "3203328"]
[EventDate "2024.01.02"]
[EventType "swiss"]

1. d4 d5 2. c4 dxc4 3. Nf3 Nf6 4. e3 Bg4 5. Bxc4 e6 6. h3 Bh5 7. Nc3 Nbd7 8. e4
Bxf3 9. Qxf3 Nb6 10. Qd3 Nxc4 11. Qxc4 c6 12. Bg5 Be7 13. O-O O-O 14. Rad1 Qa5
15. f4 b5 16. Qxc6 b4 17. Qa4 Qb6 18. Ne2 Qb7 19. Bxf6 Bxf6 20. e5 Be7 21. Qb3
g6 22. d5 exd5 23. Qxd5 Qxd5 24. Rxd5 Rfd8 25. Rfd1 Rac8 26. Rxd8+ Bxd8 27. Kf1
Bb6 28. Rc1 Rd8 29. Ke1 Rd3 30. Rc4 b3 31. axb3 Rxb3 32. Rc2 g5 33. fxg5 Rb5 34.
h4 Rxe5 35. Rc4 Kg7 36. Kd2 h6 37. gxh6+ Kxh6 38. Kd3 Re3+ 39. Kd2 Rb3 40. Kc2
Re3 41. Nf4 Rg3 42. b3 Be3 1/2-1/2

[Event "ch-AUS 2024"]
[Site "Adelaide AUS"]
[Date "2024.01.02"]
[Round "1.5"]
[White "Nguyen Hong Anh"]
[Black "Solomon, Stephen J"]
[Result "0-1"]
[WhiteTitle "WIM"]
[BlackTitle "IM"]
[WhiteElo "2020"]
[BlackElo "2277"]
[WhiteFideId "12406732"]
[BlackFideId "3200043"]
[EventDate "2024.01.02"]
[EventType "swiss"]

1. d4 Nf6 2. g3 e6 3. Bg2 c5 4. Nf3 d5 5. c4 Nc6 6. cxd5 exd5 7. O-O Be6 8. Nc3
Be7 9. Be3 cxd4 10. Nxd4 O-O 11. Rc1 Re8 12. Ncb5 Qd7 13. Nxe6 fxe6 14. Bh3 Bf8
15. Nd4 Rac8 16. Qd3 Qf7 17. Qb5 Nxd4 18. Bxd4 a6 19. Qb6 Qd7 20. Rxc8 Qxc8 21.
Be3 Qd7 22. Rc1 Bd6 23. a4 h6 24. Bd4 Ne4 25. Bg2 Bb8 26. b3 Rc8 27. Rd1 Rc6 28.
Qa5 Bc7 29. Qe1 Rc2 30. f3 e5 31. fxe4 exd4 32. exd5 Qe7 33. Bf3 Qe3+ 34. Kg2 d3
35. Rxd3 Qxd3 36. Qb4 Rxe2+ 37. Bxe2 Qxe2+ 38. Kg1 Qd1+ 0-1

[Event "ch-AUS 2024"]
[Site "Adelaide AUS"]
[Date "2024.01.02"]
[Round "1.6"]
[White "Wallis, Christopher"]
[Black "Li, Hui"]
[Result "1-0"]
[WhiteTitle "FM"]
[BlackTitle "CM"]
[WhiteElo "2263"]
[BlackElo "1988"]
[WhiteFideId "3204839"]
[BlackFideId "15400310"]
[EventDate "2024.01.02"]
[EventType "swiss"]

1. c4 e6 2. Nf3 d5 3. g3 Nf6 4. Bg2 dxc4 5. Qa4+ Nbd7 6. Qxc4 c5 7. d3 a6 8. Qb3
Qc7 9. Bf4 Bd6 10. Bxd6 Qxd6 11. Nc3 b6 12. Nd2 Rb8 13. a4 O-O 14. Nc4 Qc7 15.
O-O Bb7 16. Bxb7 Qxb7 17. Rfc1 Rfd8 18. h3 Nf8 19. Qa3 Nd5 20. Ne4 a5 21. Qb3
Ng6 22. h4 h6 23. h5 Nge7 24. Ne5 Nc6 25. Nxc5 bxc5 26. Qxb7 Rxb7 27. Nxc6 Rd6
28. Rxc5 Rxb2 29. Kf1 Nb4 30. Nxa5 Ra6 31. Nc4 Rc2 32. Rc8+ Kh7 33. a5 g6 34.
hxg6+ fxg6 35. Rb1 Rc6 36. Rb8 Na6 37. R1b7+ 1-0

[Event "ch-AUS 2024"]
[Site "Adelaide AUS"]
[Date "2024.01.02"]
[Round "1.7"]
[White "Melamed, Daniel"]
[Black "Liu, Yi"]
[Result "0-1"]
[WhiteTitle "CM"]
[BlackTitle "FM"]
[WhiteElo "1988"]
[BlackElo "2260"]
[WhiteFideId "3229076"]
[BlackFideId "3210588"]
[EventDate "2024.01.02"]
[EventType "swiss"]

1. d4 d5 2. Nf3 Nf6 3. Bf4 e6 4. e3 Bd6 5. Bg3 O-O 6. Bd3 c5 7. c3 Qc7 8. Bxd6
Qxd6 9. Ne5 b6 10. Nd2 Ba6 11. Bxa6 Nxa6 12. Qe2 b5 13. O-O Rab8 14. b3 Rfc8 15.
Rfc1 h6 16. a3 cxd4 17. exd4 Nc7 18. b4 Nce8 19. Nb3 Qd8 20. a4 Nd6 21. Nc5 a5
22. bxa5 Qxa5 23. f3 Ra8 24. Qb2 bxa4 25. Rxa4 Qc7 26. Rca1 Rxa4 27. Rxa4 Nfe8
28. Qa2 Nb5 29. Qb2 Ned6 30. Rb4 Qa5 31. Nb7 Qc7 32. Nc5 Qa5 33. Nb7 Qa7 34. Nc5
Rxc5 35. dxc5 Qxc5+ 36. Kf1 Qe3 37. Qe2 Qxc3 38. Rb1 g6 39. Ng4 Nd4 40. Rb8+ Kh7
41. Qe5 Qd3+ 42. Kf2 Qd2+ 43. Kg3 Ne2+ 44. Kf2 Nf4+ 45. Kf1 Qxg2+ 46. Ke1 Nd3+ 0-1

[Event "ch-AUS 2024"]
[Site "Adelaide AUS"]
[Date "2024.01.02"]
[Round "1.8"]
[White "Le, Tri Kien"]
[Black "Bukreyev, Andriy"]
[Result "1/2-1/2"]
[WhiteTitle "CM"]
[BlackTitle "CM"]
[WhiteElo "2243"]
[BlackElo "1967"]
[WhiteFideId "12411027"]
[BlackFideId "3242730"]
[EventDate "2024.01.02"]
[EventType "swiss"]

1. d4 Nf6 2. c4 c5 3. d5 g6 4. Nc3 Bg7 5. Nf3 O-O 6. Bg5 d6 7. e3 Qb6 8. Qc2 Na6
9. Be2 Bf5 10. e4 Nb4 11. Qb1 Nxe4 12. Nxe4 Bxb2 13. Qxb2 Nd3+ 14. Bxd3 Qxb2 15.
O-O Qa3 16. Bc2 Qb2 17. Bd3 Qa3 18. Bc2 Qb2 19. Bd3 Qa3 1/2-1/2

[Event "ch-AUS 2024"]
[Site "Adelaide AUS"]
[Date "2024.01.02"]
[Round "1.9"]
[White "Salasan, Haran"]
[Black "Litchfield, Frederick"]
[Result "0-1"]
[WhiteTitle "CM"]
[BlackTitle "FM"]
[WhiteElo "1952"]
[BlackElo "2176"]
[WhiteFideId "3221253"]
[BlackFideId "3218295"]
[EventDate "2024.01.02"]
[EventType "swiss"]

1. d4 e6 2. c4 b6 3. Nc3 Bb7 4. e4 Bb4 5. Bd3 f5 6. Qe2 Nf6 7. d5 fxe4 8. Bxe4
Nxe4 9. Qxe4 O-O 10. Be3 Na6 11. Ne2 exd5 12. cxd5 Nc5 13. Qd4 Qe8 14. O-O Bxc3
15. Nxc3 Qg6 16. b4 Ne6 17. Qh4 Rf5 18. Rfd1 Raf8 19. Qg3 Nf4 20. Qxg6 hxg6 21.
Rac1 g5 22. Rd4 c5 23. dxc6 Bxc6 24. b5 Ba8 25. f3 Nxg2 26. Kxg2 Rxf3 27. Kg1
Rxe3 28. Rxd7 Rc8 29. Rxa7 Bd5 30. Ra3 Rc4 31. Rd1 Rg4+ 32. Kf2 Rf3+ 33. Ke2
Rg2+ 34. Ke1 Bc4 35. Rd8+ Kh7 0-1

[Event "ch-AUS 2024"]
[Site "Adelaide AUS"]
[Date "2024.01.02"]
[Round "1.10"]
[White "Zhang, Jilin"]
[Black "Leong, Benjamin"]
[Result "1-0"]
[WhiteTitle "WGM"]
[BlackTitle "CM"]
[WhiteElo "2170"]
[BlackElo "1879"]
[WhiteFideId "8602867"]
[BlackFideId "3238512"]
[EventDate "2024.01.02"]
[EventType "swiss"]

1. e4 c5 2. Nf3 d6 3. d4 cxd4 4. Nxd4 Nf6 5. Nc3 a6 6. Bc4 e6 7. Bb3 Be7 8. O-O
b5 9. f4 b4 10. Na4 O-O 11. e5 dxe5 12. fxe5 Ne4 13. Be3 Bg5 14. Qe2 a5 15. Nb5
Ba6 16. Bb6 Bxb5 17. Qxb5 Qd2 18. Rae1 Nd7 19. Rxe4 Rab8 20. Re2 Rxb6 21. Nxb6
Qd4+ 22. Kh1 Nxb6 23. c3 bxc3 24. bxc3 Qd8 25. Ref2 Nd5 26. Bxd5 Qxd5 27. Rxf7
Re8 28. Qxe8# 1-0

[Event "ch-AUS 2024"]
[Site "Adelaide AUS"]
[Date "2024.01.02"]
[Round "1.11"]
[White "Annapureddy, Rheyansh Reddy"]
[Black "Jordan, William"]
[Result "0-1"]
[BlackTitle "FM"]
[WhiteElo "1866"]
[BlackElo "2143"]
[WhiteFideId "3244806"]
[BlackFideId "3200876"]
[EventDate "2024.01.02"]
[EventType "swiss"]

1. e4 Nf6 2. e5 Nd5 3. d4 d6 4. c4 Nb6 5. exd6 exd6 6. Nc3 Be7 7. h3 O-O 8. Nf3
Nc6 9. Be2 Bf5 10. O-O Bf6 11. Be3 d5 12. c5 Nc8 13. Qd2 h6 14. Rfe1 N8e7 15.
Bd3 Qd7 16. Bf4 Bxd3 17. Qxd3 Nb4 18. Qd2 c6 19. Be5 Qf5 20. Bxf6 Qxf6 21. Ne5
Qf5 22. Re2 Ng6 23. a3 Na6 24. Re3 Nc7 25. Rae1 Rae8 26. b4 Qg5 27. Nf3 Qf5 28.
Rxe8 Rxe8 29. Rxe8+ Nxe8 30. a4 a6 31. Kh2 Nc7 32. Qe2 Ne6 33. b5 axb5 34. axb5
Nxd4 35. Nxd4 Qf4+ 36. g3 Qxd4 37. Qe3 Ne5 38. Qxd4 Nf3+ 39. Kg2 Nxd4 40. b6 Kf8
41. f4 Ke7 42. Kf2 Ke6 43. g4 Nb3 44. Ne2 Nxc5 45. Nd4+ Kf6 46. h4 Nd7 47. g5+
hxg5 48. hxg5+ Kg6 49. Kf3 Nxb6 50. Kg4 c5 51. Nf5 Nc8 52. Ne3 d4 53. Nc4 f6 54.
f5+ Kf7 55. g6+ Ke7 56. Na5 Nd6 57. Kf4 c4 58. Kf3 Kd7 0-1

[Event "ch-AUS 2024"]
[Site "Adelaide AUS"]
[Date "2024.01.02"]
[Round "1.12"]
[White "Asaka, Samuel"]
[Black "Hernandez Mendez, Iker"]
[Result "1-0"]
[WhiteElo "2125"]
[BlackElo "1834"]
[WhiteFideId "3228690"]
[BlackFideId "3243214"]
[EventDate "2024.01.02"]
[EventType "swiss"]

1. d4 Nf6 2. c4 c5 3. d5 e6 4. Nc3 exd5 5. cxd5 d6 6. Nf3 g6 7. Bf4 Bg7 8. h3
O-O 9. e3 a6 10. a4 Re8 11. Nd2 Nbd7 12. Be2 Ne5 13. Bh2 Rb8 14. O-O b5 15. axb5
axb5 16. Bxb5 Bd7 17. Be2 Qe7 18. Kh1 g5 19. f4 gxf4 20. exf4 Ng6 21. Nc4 Ne4
22. Bd3 Nxc3 23. bxc3 Bxc3 24. f5 Ne5 25. f6 Qf8 26. Nxe5 Bxe5 27. Qh5 h6 28.
Ra7 Bxh2 29. Rxd7 Re5 30. Qg4+ Rg5 31. Qe4 1-0

[Event "ch-AUS 2024"]
[Site "Adelaide AUS"]
[Date "2024.01.02"]
[Round "1.13"]
[White "De Vas, Saminda"]
[Black "Phan, Nguyen Mai Chi"]
[Result "0-1"]
[BlackTitle "WFM"]
[WhiteElo "1801"]
[BlackElo "2122"]
[WhiteFideId "9905260"]
[BlackFideId "12401684"]
[EventDate "2024.01.02"]
[EventType "swiss"]

1. d4 d5 2. c4 e6 3. g3 Nf6 4. Bg2 Be7 5. Nf3 O-O 6. O-O c6 7. Nbd2 b6 8. Qc2
Bb7 9. e4 dxe4 10. Nxe4 Nxe4 11. Qxe4 Nd7 12. Rd1 Rc8 13. Bf4 a5 14. Rac1 Ra8
15. Ne5 Nxe5 16. Qxe5 g5 17. Qc7 Ra7 18. Qxd8 Bxd8 19. Bb8 Ra8 20. Bd6 Re8 21.
Rc2 a4 22. f4 h6 23. Re2 Rc8 24. f5 Bf6 25. fxe6 Rxe6 26. Rxe6 fxe6 27. Be5 Kg7
28. Bxf6+ Kxf6 29. Rf1+ Ke7 30. Kf2 Rf8+ 31. Ke3 Rxf1 32. Bxf1 c5 33. dxc5 bxc5
34. Bd3 Kd6 35. h4 gxh4 36. gxh4 Ke5 37. Bg6 Bc6 38. Bc2 Be8 39. b3 a3 40. Bb1
Bh5 41. Bc2 Bg4 42. Bb1 Bf5 43. Bd3 h5 44. Bxf5 exf5 45. Kf3 f4 46. Kf2 Ke4 47.
Ke2 f3+ 48. Kf2 Kf4 49. b4 cxb4 50. c5 Ke5 51. Kxf3 b3 52. axb3 0-1

[Event "ch-AUS 2024"]
[Site "Adelaide AUS"]
[Date "2024.01.02"]
[Round "1.14"]
[White "Leaver, Kyle"]
[Black "Rice, Leah"]
[Result "1-0"]
[WhiteElo "2062"]
[BlackElo "1525"]
[WhiteFideId "3228410"]
[BlackFideId "5824605"]
[EventDate "2024.01.02"]
[EventType "swiss"]

1. e4 c6 2. d4 d5 3. e5 c5 4. Nf3 Nc6 5. dxc5 e6 6. a3 a5 7. Be3 Nge7 8. Bb5 Nf5
9. Bd4 Bd7 10. Bxc6 Bxc6 11. Nc3 Be7 12. O-O Qc7 13. Re1 O-O 14. b4 axb4 15.
axb4 Rxa1 16. Qxa1 Bd7 17. Ne2 Nxd4 18. Nexd4 f6 19. Qd1 Re8 20. h3 b6 21. cxb6
Qc4 22. b5 Bxb5 23. Nxe6 Bb4 24. Nc7 Bxe1 25. Qxe1 Re7 26. Qa1 Kf7 27. e6+ Kg6
28. Nd4 Bc6 29. c3 Rxc7 30. Qb1+ Kg5 31. Qf5+ Kh6 32. Qf4+ Kg6 33. Qg4+ 1-0

[Event "ch-AUS 2024"]
[Site "Adelaide AUS"]
[Date "2024.01.03"]
[Round "2.1"]
[White "Sardana, Rishi"]
[Black "Zhang, Jilin"]
[Result "1-0"]
[WhiteTitle "IM"]
[BlackTitle "WGM"]
[WhiteElo "2470"]
[BlackElo "2170"]
[WhiteFideId "25004301"]
[BlackFideId "8602867"]
[EventDate "2024.01.02"]
[EventType "swiss"]

1. e4 c5 2. Nf3 d6 3. Bb5+ Bd7 4. Bxd7+ Qxd7 5. O-O Nc6 6. c3 Nf6 7. Qe2 e6 8.
d4 cxd4 9. cxd4 d5 10. e5 Ne4 11. Nbd2 Nxd2 12. Bxd2 Be7 13. g3 O-O 14. h4 f6
15. exf6 Bxf6 16. Bc3 Rae8 17. Rfe1 Qf7 18. Rad1 Bd8 19. Rd3 h6 20. b4 a6 21. a4
Qh5 22. b5 axb5 23. axb5 Nb8 24. Ne5 Qxe2 25. Rxe2 Bc7 26. Bb4 Rf5 27. Ng4 Kf7
28. Rc2 Bb6 29. Ne5+ Kg8 30. Bd6 Ba5 31. Ra2 b6 32. Rc2 g5 33. h5 1-0

[Event "ch-AUS 2024"]
[Site "Adelaide AUS"]
[Date "2024.01.03"]
[Round "2.2"]
[White "Jordan, William"]
[Black "Tao, Trevor"]
[Result "1/2-1/2"]
[WhiteTitle "FM"]
[BlackTitle "IM"]
[WhiteElo "2143"]
[BlackElo "2364"]
[WhiteFideId "3200876"]
[BlackFideId "3201961"]
[EventDate "2024.01.02"]
[EventType "swiss"]

1. e4 c6 2. Nf3 d5 3. Nc3 Bg4 4. h3 Bh5 5. exd5 cxd5 6. g4 Bg6 7. Ne5 Nc6 8. d4
e6 9. h4 f6 10. h5 Bf7 11. Nxc6 bxc6 12. Bf4 Bd6 13. Bxd6 Qxd6 14. Qd2 Ne7 15.
Na4 e5 16. O-O-O O-O 17. Bh3 Rfb8 18. Nc5 exd4 19. Qxd4 a5 20. a3 Rb5 21. b4
axb4 22. axb4 Qb8 23. Nd3 c5 24. bxc5 Nc6 25. Qf4 Ne5 26. Kd2 Rxc5 27. Qb4 Qxb4+
28. Nxb4 Rc4 29. Ra1 Rxa1 30. Rxa1 h6 31. Ra8+ Kh7 32. Nd3 Nxg4 33. f3 Bxh5 34.
fxg4 Bxg4 35. Bg2 Be6 36. Re8 Bf7 37. Rf8 Be6 38. Re8 Bf7 39. Rf8 Be6 1/2-1/2

[Event "ch-AUS 2024"]
[Site "Adelaide AUS"]
[Date "2024.01.03"]
[Round "2.3"]
[White "Solomon, Stephen J"]
[Black "Asaka, Samuel"]
[Result "1-0"]
[WhiteTitle "IM"]
[WhiteElo "2277"]
[BlackElo "2125"]
[WhiteFideId "3200043"]
[BlackFideId "3228690"]
[EventDate "2024.01.02"]
[EventType "swiss"]

1. e4 c6 2. d4 d5 3. Nd2 dxe4 4. Nxe4 Nf6 5. Nxf6+ exf6 6. c3 Bd6 7. Bd3 O-O 8.
Qc2 Re8+ 9. Ne2 h5 10. Be3 Nd7 11. O-O-O Nf8 12. c4 h4 13. Kb1 Bg4 14. h3 Bh5
15. Rc1 Ng6 16. a3 a6 17. Rhe1 Ne7 18. Qd2 Bg6 19. Rcd1 b5 20. Bxg6 fxg6 21. d5
c5 22. Nf4 Bxf4 23. Bxf4 Nf5 24. Qd3 Qd7 25. g4 hxg3 26. fxg3 g5 27. g4 Nd4 28.
Bg3 Red8 29. Bf2 bxc4 30. Qxc4 Qxd5 31. Re8+ Rxe8 32. Qxd5+ Ne6 33. Bxc5 Rad8
34. Bd6 Kh8 35. Re1 Nc7 36. Rxe8+ Nxe8 37. Qf7 Nxd6 38. Qe7 1-0

[Event "ch-AUS 2024"]
[Site "Adelaide AUS"]
[Date "2024.01.03"]
[Round "2.4"]
[White "Phan, Nguyen Mai Chi"]
[Black "Wallis, Christopher"]
[Result "0-1"]
[WhiteTitle "WFM"]
[BlackTitle "FM"]
[WhiteElo "2122"]
[BlackElo "2263"]
[WhiteFideId "12401684"]
[BlackFideId "3204839"]
[EventDate "2024.01.02"]
[EventType "swiss"]

1. Nf3 Nf6 2. g3 c5 3. c4 Nc6 4. b3 e6 5. Bg2 d5 6. O-O d4 7. d3 e5 8. e4 h6 9.
Ne1 g5 10. a3 Rg8 11. Nc2 a5 12. Ra2 Bd6 13. Bd2 Be6 14. Rb2 Nd7 15. b4 b6 16.
bxa5 Nxa5 17. a4 Nc6 18. Nba3 Bb8 19. Nb5 Qc8 20. Kh1 Nf6 21. Ne1 Qd8 22. Nf3
Ra6 23. Ng1 Qd7 24. f4 gxf4 25. gxf4 exf4 26. Bxf4 Bxf4 27. Rxf4 Ng4 28. Bf3 Ne3
29. Qb1 Ne5 30. Bh5 Rg5 31. Rh4 Rxa4 32. Nf3 Nxf3 33. Bxf3 Kf8 34. Rxh6 Kg7 35.
Rh5 Qe7 36. Rxg5+ Qxg5 37. Qg1 Kh6 38. Qxg5+ Kxg5 39. Kg1 Ra1+ 40. Kf2 Kf4 41.
Be2 Rh1 42. Nc7 Rxh2+ 43. Ke1 Bg4 44. Rd2 Bxe2 45. Rxe2 Rh1+ 0-1

[Event "ch-AUS 2024"]
[Site "Adelaide AUS"]
[Date "2024.01.03"]
[Round "2.5"]
[White "Liu, Yi"]
[Black "Leaver, Kyle"]
[Result "1-0"]
[WhiteTitle "FM"]
[WhiteElo "2260"]
[BlackElo "2062"]
[WhiteFideId "3210588"]
[BlackFideId "3228410"]
[EventDate "2024.01.02"]
[EventType "swiss"]

1. d4 Nf6 2. Nf3 g6 3. Nc3 d5 4. Bf4 Bg7 5. Nb5 Na6 6. e3 O-O 7. Be2 Nh5 8. Bg5
h6 9. Bh4 g5 10. Ne5 Nf6 11. Bg3 Ne4 12. Nc3 Bf5 13. Nxe4 Bxe4 14. f3 Bh7 15.
Bd3 Bxd3 16. Qxd3 Nb4 17. Qb3 c5 18. O-O a5 19. dxc5 Nc6 20. Nd3 Qd7 21. c3 e5
22. Rad1 a4 23. Qc2 Qe6 24. b4 f5 25. a3 h5 26. c4 d4 27. b5 Na5 28. exd4 exd4
29. Bd6 Nxc4 30. Bxf8 Ne3 31. Rfe1 Bxf8 32. Rc1 Qd5 33. Qb2 Rc8 34. Nb4 Qd7 35.
c6 bxc6 36. Nxc6 f4 37. Ne5 Rxc1 38. Rxc1 Qd5 39. Nd3 Bd6 40. b6 Nc4 41. Nb4
Nxb2 42. Nxd5 d3 43. Nf6+ Kf7 44. Ne4 Be5 45. b7 Ke6 46. Rc8 Kd5 47. Rc5+ 1-0

[Event "ch-AUS 2024"]
[Site "Adelaide AUS"]
[Date "2024.01.03"]
[Round "2.6"]
[White "Litchfield, Frederick"]
[Black "Lee, Aaron James"]
[Result "1-0"]
[WhiteTitle "FM"]
[WhiteElo "2176"]
[BlackElo "2051"]
[WhiteFideId "3218295"]
[BlackFideId "3232409"]
[EventDate "2024.01.02"]
[EventType "swiss"]

1. d4 d5 2. c4 e6 3. Nc3 Nf6 4. cxd5 exd5 5. Bf4 Bd6 6. Bxd6 Qxd6 7. e3 c6 8.
Bd3 O-O 9. h3 Re8 10. Nf3 Nbd7 11. Qc2 Qe7 12. g4 Nf8 13. O-O-O b5 14. Kb1 Bb7
15. Rc1 a6 16. Ne2 N6d7 17. Ng3 Rac8 18. Nf5 Qe6 19. Qd2 c5 20. dxc5 Nxc5 21.
N3d4 Qb6 22. Rhg1 Nfe6 23. g5 Kh8 24. h4 Ne4 25. Bxe4 dxe4 26. Nxe6 Qxe6 27.
Rxc8 Qxc8 28. Nd6 Qd7 29. Qd4 Rf8 30. h5 Bc8 31. h6 Rg8 32. Rc1 Bb7 33. Nxb7
Qxb7 34. hxg7+ Rxg7 35. Qd8+ Rg8 36. Qf6+ 1-0

[Event "ch-AUS 2024"]
[Site "Adelaide AUS"]
[Date "2024.01.03"]
[Round "2.7"]
[White "Bukreyev, Andriy"]
[Black "Ryjanova, Julia"]
[Result "0-1"]
[WhiteTitle "CM"]
[BlackTitle "WGM"]
[WhiteElo "1967"]
[BlackElo "2285"]
[WhiteFideId "3242730"]
[BlackFideId "4127714"]
[EventDate "2024.01.02"]
[EventType "swiss"]

1. e4 c6 2. d4 d5 3. e5 Bf5 4. Ne2 e6 5. a3 a5 6. Ng3 Bg6 7. Bd3 c5 8. Bb5+ Nc6
9. c3 h5 10. Ne2 Qb6 11. Ba4 cxd4 12. cxd4 Bxb1 13. Rxb1 Bxa3 14. O-O Bb4 15.
Be3 Ne7 16. Nf4 g6 17. Rc1 Nf5 18. Qd3 O-O 19. Rfd1 Rfc8 20. Ne2 Bf8 21. Nc3
Qxb2 22. Rb1 Qa3 23. Rxb7 Nb4 24. Qb5 Qxc3 25. Qd7 Be7 26. g4 Rd8 0-1

[Event "ch-AUS 2024"]
[Site "Adelaide AUS"]
[Date "2024.01.03"]
[Round "2.8"]
[White "Dragicevic, Domagoj"]
[Black "Le, Tri Kien"]
[Result "1/2-1/2"]
[WhiteTitle "FM"]
[BlackTitle "CM"]
[WhiteElo "2040"]
[BlackElo "2243"]
[WhiteFideId "3203328"]
[BlackFideId "12411027"]
[EventDate "2024.01.02"]
[EventType "swiss"]

1. e4 c5 2. Nf3 d6 3. d4 cxd4 4. Nxd4 Nf6 5. Nc3 a6 6. Be3 e5 7. Nf3 Be7 8. Bc4
Be6 9. Bb3 Nc6 10. O-O O-O 11. Qe2 Na5 12. Rfd1 Qc7 13. Bg5 Nc4 14. Bxf6 Bxf6
15. Nd5 Bxd5 16. Rxd5 Rac8 17. c3 Be7 18. a4 Nb6 19. Rdd1 g6 20. a5 Nd7 21. Bd5
Nf6 22. Bb3 Kg7 23. Nd2 Qc5 24. Ra4 Rc6 25. Rda1 Qa7 26. Nc4 Nd7 27. Rb4 d5 28.
exd5 Rf6 29. Nb6 Nxb6 30. axb6 Qb8 31. Rba4 Bc5 32. Rf1 Bxb6 33. Re4 Qd6 34. g3
Rf5 35. Kg2 Rh5 36. h4 Bc7 37. Re3 f5 38. Qc4 e4 39. Qb4 Qe5 40. d6 Qxd6 41. Rd1
Qxb4 42. Rd7+ Kh8 43. cxb4 Bb6 44. Re2 g5 45. Bf7 Rh6 46. hxg5 Rc6 47. Rxb7 Bd8
48. g6 hxg6 49. Re1 Kg7 50. Bd5+ Rc7 51. Rc1 Rxb7 52. Bxb7 Rf6 53. Rc6 Rxc6 54.
Bxc6 Be7 55. Bb7 Kf6 56. Bxa6 Bxb4 57. Kf1 g5 58. Ke2 f4 59. gxf4 gxf4 60. f3
exf3+ 1/2-1/2

[Event "ch-AUS 2024"]
[Site "Adelaide AUS"]
[Date "2024.01.03"]
[Round "2.9"]
[White "Lane, Gary W"]
[Black "Salasan, Haran"]
[Result "1/2-1/2"]
[WhiteTitle "IM"]
[BlackTitle "CM"]
[WhiteElo "2342"]
[BlackElo "1952"]
[WhiteFideId "3203301"]
[BlackFideId "3221253"]
[EventDate "2024.01.02"]
[EventType "swiss"]

1. e4 c6 2. d4 d5 3. e5 c5 4. dxc5 e6 5. Nf3 Bxc5 6. Bd3 Nc6 7. a3 f6 8. b4 Be7
9. Bb2 Nh6 10. Nbd2 Nf7 11. exf6 Bxf6 12. Bxf6 Qxf6 13. c4 Nce5 14. Be2 O-O 15.
O-O Nxc4 16. Nxc4 dxc4 17. Bxc4 a6 18. a4 Ne5 19. Nxe5 Qxe5 20. Qd3 Qf4 21. g3
Qf6 22. Rad1 Kh8 23. a5 e5 24. Qd6 Bh3 25. Qxf6 gxf6 26. Rfe1 Rad8 27. f3 Bf5
28. Kf2 Bc2 29. Rd5 Ba4 30. Re2 Bc6 31. Rc5 Rd4 32. Bxa6 Rxb4 33. Bd3 Rd8 34.
Be4 Bxe4 35. fxe4 Rdd4 36. Rc7 Rxe4 37. Rxe4 Rxe4 38. Rxb7 Ra4 39. Ra7 f5 40. a6
Ra2+ 41. Ke3 Kg8 42. h4 h5 43. Kd3 Ra4 44. Kc3 f4 45. gxf4 exf4 46. Kd3 Kf8 47.
Ra8+ Kg7 48. Ke2 Ra2+ 49. Kf3 Ra4 50. Ra7+ Kg8 51. Kf2 Ra2+ 52. Kf3 Ra4 53. Ra8+
Kg7 54. a7 Kh7 55. Rf8 Rxa7 56. Kxf4 Rg7 1/2-1/2